Statistics for U.S. States with Oldest Median Age

Click here to take the quiz!

General Stats

  • This quiz has been taken 12,348 times
    (6,325 since last reset)
  • The average score is 7 of 10

Answer Stats

AgeState% Correct
42.2Florida
89%
45.1Maine
86%
43.1Vermont
83%
43.1New Hampshire
80%
40.0Rhode Island
71%
41.1Connecticut
70%
41.1Delaware
57%
40.8Pennsylvania
50%
40.1Montana
45%
42.8West Virginia
42%

Score Distribution

Percentile by Number Answered

Percent of People with Each Score

Your Score History

You have not taken this quiz since the last reset